<?xml version="1.0" encoding="UTF-8"?>
<record
    xmlns:xsi="http://www.w3.org/2001/XMLSchema-instance"
    xsi:schemaLocation="http://www.loc.gov/MARC21/slim http://www.loc.gov/standards/marcxml/schema/MARC21slim.xsd"
    xmlns="http://www.loc.gov/MARC21/slim">

  <leader>00868nam a22002297a 4500</leader>
  <datafield tag="999" ind1=" " ind2=" ">
    <subfield code="c">80667</subfield>
    <subfield code="d">317944</subfield>
  </datafield>
  <controlfield tag="003">OSt</controlfield>
  <controlfield tag="005">20220705101427.0</controlfield>
  <controlfield tag="008">140212s2015    jo a   g b    00| 0 ara d</controlfield>
  <datafield tag="020" ind1=" " ind2=" ">
    <subfield code="a">9789957501327</subfield>
  </datafield>
  <datafield tag="040" ind1=" " ind2=" ">
    <subfield code="a">Ma-Un</subfield>
    <subfield code="c">Ma-Un</subfield>
  </datafield>
  <datafield tag="082" ind1="0" ind2="4">
    <subfield code="a">371.422</subfield>
    <subfield code="b">&#x644; &#x646; &#x625;</subfield>
    <subfield code="2">21</subfield>
  </datafield>
  <datafield tag="100" ind1="1" ind2=" ">
    <subfield code="a">&#x644;&#x647;&#x644;&#x648;&#x628;&#x60C; &#x646;&#x627;&#x631;&#x64A;&#x645;&#x627;&#x646; &#x64A;&#x648;&#x646;&#x633;</subfield>
    <subfield code="9">12447</subfield>
  </datafield>
  <datafield tag="245" ind1=" " ind2=" ">
    <subfield code="a">&#x627;&#x644;&#x625;&#x634;&#x631;&#x627;&#x641; &#x627;&#x644;&#x62A;&#x631;&#x628;&#x648;&#x64A; :</subfield>
    <subfield code="b">&#x62F;&#x631;&#x62C;&#x629; &#x641;&#x627;&#x639;&#x644;&#x64A;&#x62A;&#x647; &#x641;&#x64A; &#x627;&#x644;&#x645;&#x62F;&#x627;&#x631;&#x633; /</subfield>
    <subfield code="c">&#x646;&#x627;&#x631;&#x64A;&#x645;&#x627;&#x646; &#x64A;&#x648;&#x646;&#x633; &#x644;&#x647;&#x644;&#x648;&#x628;.</subfield>
  </datafield>
  <datafield tag="250" ind1=" " ind2=" ">
    <subfield code="a">&#x637;. 1.</subfield>
  </datafield>
  <datafield tag="260" ind1=" " ind2=" ">
    <subfield code="a">&#x639;&#x645;&#x627;&#x646;&#x60C; &#x627;&#x644;&#x623;&#x631;&#x62F;&#x646; :</subfield>
    <subfield code="b">&#x62F;&#x627;&#x631; &#x627;&#x644;&#x62E;&#x644;&#x64A;&#x62C; &#x644;&#x644;&#x646;&#x634;&#x631; &#x648;&#x627;&#x644;&#x62A;&#x648;&#x632;&#x64A;&#x639;&#x60C;</subfield>
    <subfield code="c">2015</subfield>
    <subfield code="m">1436</subfield>
  </datafield>
  <datafield tag="300" ind1=" " ind2=" ">
    <subfield code="a">238 &#x635;. &#x61B;</subfield>
    <subfield code="c">24 &#x633;&#x645;.</subfield>
  </datafield>
  <datafield tag="504" ind1=" " ind2=" ">
    <subfield code="a">&#x64A;&#x634;&#x62A;&#x645;&#x644; &#x639;&#x644;&#x649; &#x642;&#x627;&#x626;&#x645;&#x629; &#x628;&#x628;&#x644;&#x64A;&#x648;&#x62C;&#x631;&#x627;&#x641;&#x64A;&#x629;.</subfield>
  </datafield>
  <datafield tag="650" ind1=" " ind2="7">
    <subfield code="a">&#x627;&#x644;&#x625;&#x634;&#x631;&#x627;&#x641; &#x627;&#x644;&#x62A;&#x631;&#x628;&#x648;&#x64A;</subfield>
    <subfield code="9">93459</subfield>
  </datafield>
  <datafield tag="650" ind1=" " ind2="7">
    <subfield code="a">&#x627;&#x644;&#x625;&#x62F;&#x627;&#x631;&#x629; &#x627;&#x644;&#x62A;&#x639;&#x644;&#x64A;&#x645;&#x64A;&#x629;</subfield>
    <subfield code="9">93460</subfield>
  </datafield>
  <datafield tag="650" ind1=" " ind2="7">
    <subfield code="a">&#x627;&#x644;&#x625;&#x62F;&#x627;&#x631;&#x629; &#x627;&#x644;&#x62A;&#x631;&#x628;&#x648;&#x64A;&#x629;</subfield>
    <subfield code="9">93461</subfield>
  </datafield>
  <datafield tag="942" ind1=" " ind2=" ">
    <subfield code="2">ddc</subfield>
    <subfield code="c">BOOK</subfield>
  </datafield>
  <datafield tag="952" ind1=" " ind2=" ">
    <subfield code="1">0</subfield>
    <subfield code="2">2022-07-13</subfield>
    <subfield code="4">0</subfield>
    <subfield code="7">1</subfield>
    <subfield code="U">2022-07-13</subfield>
    <subfield code="a">371.422 &#x644; &#x646; &#x625;</subfield>
    <subfield code="d">2022-07-13</subfield>
    <subfield code="h">CL</subfield>
    <subfield code="i">00179400</subfield>
    <subfield code="m">CL</subfield>
    <subfield code="r">2022-07-13 00:00:00</subfield>
    <subfield code="t">BOOK</subfield>
    <subfield code="w">ddc</subfield>
    <subfield code="y">0</subfield>
  </datafield>
  <datafield tag="952" ind1=" " ind2=" ">
    <subfield code="1">0</subfield>
    <subfield code="2">2022-07-13</subfield>
    <subfield code="4">0</subfield>
    <subfield code="7">0</subfield>
    <subfield code="U">2022-07-13</subfield>
    <subfield code="a">371.422 &#x644; &#x646; &#x625;</subfield>
    <subfield code="d">2022-07-13</subfield>
    <subfield code="h">CL</subfield>
    <subfield code="i">00179401</subfield>
    <subfield code="m">CL</subfield>
    <subfield code="r">2022-07-13 00:00:00</subfield>
    <subfield code="t">BOOK</subfield>
    <subfield code="w">ddc</subfield>
    <subfield code="y">0</subfield>
  </datafield>
  <datafield tag="952" ind1=" " ind2=" ">
    <subfield code="1">0</subfield>
    <subfield code="2">2022-07-13</subfield>
    <subfield code="4">0</subfield>
    <subfield code="7">0</subfield>
    <subfield code="U">2022-07-13</subfield>
    <subfield code="a">371.422 &#x644; &#x646; &#x625;</subfield>
    <subfield code="d">2022-07-13</subfield>
    <subfield code="h">CL</subfield>
    <subfield code="i">00179402</subfield>
    <subfield code="m">CL</subfield>
    <subfield code="r">2022-07-13 00:00:00</subfield>
    <subfield code="t">BOOK</subfield>
    <subfield code="w">ddc</subfield>
    <subfield code="y">0</subfield>
  </datafield>
  <datafield tag="952" ind1=" " ind2=" ">
    <subfield code="1">0</subfield>
    <subfield code="2">2022-07-13</subfield>
    <subfield code="4">0</subfield>
    <subfield code="7">1</subfield>
    <subfield code="U">2022-07-13</subfield>
    <subfield code="a">371.422 &#x644; &#x646; &#x625;</subfield>
    <subfield code="d">2022-07-13</subfield>
    <subfield code="h">EZF</subfield>
    <subfield code="i">00179403</subfield>
    <subfield code="m">EZF</subfield>
    <subfield code="r">2022-07-13 00:00:00</subfield>
    <subfield code="t">BOOK</subfield>
    <subfield code="w">ddc</subfield>
    <subfield code="y">0</subfield>
  </datafield>
  <datafield tag="952" ind1=" " ind2=" ">
    <subfield code="1">0</subfield>
    <subfield code="2">2022-07-13</subfield>
    <subfield code="4">0</subfield>
    <subfield code="7">0</subfield>
    <subfield code="U">2022-07-13</subfield>
    <subfield code="a">371.422 &#x644; &#x646; &#x625;</subfield>
    <subfield code="d">2022-07-13</subfield>
    <subfield code="h">EZF</subfield>
    <subfield code="i">00179404</subfield>
    <subfield code="m">EZF</subfield>
    <subfield code="r">2022-07-13 00:00:00</subfield>
    <subfield code="t">BOOK</subfield>
    <subfield code="w">ddc</subfield>
    <subfield code="y">0</subfield>
  </datafield>
  <datafield tag="952" ind1=" " ind2=" ">
    <subfield code="1">0</subfield>
    <subfield code="2">2022-07-13</subfield>
    <subfield code="4">0</subfield>
    <subfield code="7">1</subfield>
    <subfield code="U">2022-07-13</subfield>
    <subfield code="a">371.422 &#x644; &#x646; &#x625;</subfield>
    <subfield code="d">2022-07-13</subfield>
    <subfield code="h">EMF</subfield>
    <subfield code="i">00179405</subfield>
    <subfield code="m">EMF</subfield>
    <subfield code="r">2022-07-13 00:00:00</subfield>
    <subfield code="t">BOOK</subfield>
    <subfield code="w">ddc</subfield>
    <subfield code="y">0</subfield>
  </datafield>
  <datafield tag="952" ind1=" " ind2=" ">
    <subfield code="1">0</subfield>
    <subfield code="2">2022-07-13</subfield>
    <subfield code="4">0</subfield>
    <subfield code="7">0</subfield>
    <subfield code="U">2022-07-13</subfield>
    <subfield code="a">371.422 &#x644; &#x646; &#x625;</subfield>
    <subfield code="d">2022-07-13</subfield>
    <subfield code="h">EMF</subfield>
    <subfield code="i">00179406</subfield>
    <subfield code="m">EMF</subfield>
    <subfield code="r">2022-07-13 00:00:00</subfield>
    <subfield code="t">BOOK</subfield>
    <subfield code="w">ddc</subfield>
    <subfield code="y">0</subfield>
  </datafield>
</record>
